000 00238nam a2200097Ia 4500
008 240625s9999 xx 000 0 und d
041 _aeng
100 _aKUMAR NIRMALYA
245 _aCHANGING MARKETING PARADIGM FOR THE NEW
365 _cRS
_b15
999 _c34676
_d34676